Estratègia europea per a l'ocupació: el compromís local a favor de l'ocupació el compromís local a favor de l'ocupació
Descripción Física:
1 f. plegat en 3 parts ; 21 cm
MARC
| LEADER | 00000nam a2200000Ia 4500 | ||
|---|---|---|---|
| 001 | 24543 | ||
| 003 | BGR | ||
| 005 | 20260324180612.0 | ||
| 008 | 160829s9999 xx 000 0 cat d | ||
| 080 | |a FU-67-38 | ||
| 111 | |a Jornada sobre Govern Local i Ocupació |9 71036 | ||
| 245 | |a Estratègia europea per a l'ocupació: |b el compromís local a favor de l'ocupació | ||
| 260 | |a [Barcelona] : |b Diputació de Barcelona. Àrea de Promoció Econòmica i Ocupació, DL 2000 | ||
| 300 | |a 1 f. plegat en 3 parts ; |c 21 cm | ||
| 650 | 0 | |a Administració local |9 34286 | |
| 650 | 0 | |a Ocupació |9 49782 | |
| 710 | 1 | |a Barcelona (Catalunya : Província). |b Àrea de Promoció Econòmica i Ocupació |9 17540 | |
| 901 | |a Arxiu | ||
| 942 | |n 1 |2 udc |c MON | ||
| 952 | |0 0 |1 0 |4 0 |6 FU6738 |7 1 |9 55594 |a Arxiu |b Arxiu |d 2016-12-01 |l 0 |o FU-67-38 |p 24543 |r 2016-12-01 00:00:00 |w 2016-12-01 |y ARXIU | ||
| 999 | |c 59467 |d 59467 | ||